| 000 | 02120ncm0a2200409 4500 | ||
|---|---|---|---|
| 001 | RU\NLR\ONIZ\227210 | ||
| 005 | 20250623215309.0 | ||
| 013 | _a979-0-66003-642-6 | ||
| 021 |
_aRU _b19-000565 _919-НО-П-40 |
||
| 035 | _aRU\NLR\ONIZ\SOPHY\5000006038\20191203153556 | ||
| 035 | _a(NLR Aleph) 012156723 | ||
| 090 |
_a12170493 _c12170493 |
||
| 100 | _a20191203d2020 |||y0rusy50 ca | ||
| 101 | 0 | _arus | |
| 102 | _aRU | ||
| 125 | _axx | ||
| 145 | 0 | _au | |
| 200 | 1 |
_aКурс одноголосного сольфеджио _bНоты _e1-7 классы ДМШ _fД. И.Шайхутдинова |
|
| 205 | _aИздание 4-е | ||
| 210 |
_aРостов-на-Дону _cФеникс _d2020 |
||
| 215 |
_a124, [4] с. _cил. _d26 см |
||
| 225 | 1 | _aУчеб. пособия для ДМШ | |
| 300 | _aФактическая дата выхода в свет - 2019 | ||
| 313 | _aСистематизация документа проведена по изданию - Методика классифицирования музыкальных произведений (нотных изданий) по таблицам Библиотечно-библиографических классификаций : метод. рекомендации / Гос. б-ка СССР им. В.И. Ленина.- М., 1977. Индексу ББК методических рекомендаций присваивается код ББК для научных библиотек - LBC/SL | ||
| 606 | 1 |
_aПособия по сольфеджио _yРоссия _zXXI век _jНоты _2nlr_sh |
|
| 686 |
_aЩ907.11(2Р) _vLBC/SL _2rubbk |
||
| 700 | 1 |
_9z01790 _aШайхутдинова _bД. И. _gДамира Ильдаровна _4070 _7ca |
|
| 790 | 1 |
_9z01700 _aŠajchutdinova _bD. I. _gDamira Il`darovna _4070 _7ba |
|
| 801 | 0 |
_aRU _bNLR _c20191203 _gPSBO |
|
| 801 | 1 |
_aRU _bNLR _c20191203 _2rusmarc |
|
| 801 | 2 |
_aRU _bNLR _c20191203 |
|
| 852 |
_aNLR _bМ _jК-3/30043 _pМОЭ 2019-НО-П-40/565 _t1 |
||
| 852 |
_aNLR _bМ _jК-3/30043а _pМОЭ 2019-НО-П-40/565а _t2 |
||
| 942 | _cSCORE | ||
| 980 | _aNB | ||
| 980 | _aONIZ | ||